000 00659nam a22002177a 4500
005 20100802125139.0
010 _aENG-97692
020 _a9788380151038
_c250.00
035 _aEN-81225
037 _bDBAD/PUB
082 _a881
100 _aAurora, Monica
_94102
245 _aMilstones in my life /
_cby Monica Aurora
260 _aGoa
_bCinnamonTeal Print & Publishing
_c2009
270 _bGoa
300 _a65p.
_c23cm (pbk)
650 _aEnglish poetry
_94103
650 _aLiterature
_94104
942 _2ddc
_cEN
_h881
_mAUR
999 _c38620
_d38620